000 00746nam a2200205Ia 4500
001 13573
003 GE_BSU
008 181216s||||||||xx |||||||||||||| ||und||
040 _cGE_BSU
080 _a621.892.09/621.893
245 _aМоторные и редактивные масла и жидкости.
245 _cПод ред. К.К.Папок, Е.Г.Семенидо. Ред.: А.Н.Джорджи, Е.С.Левина, Б.Ф.Тицкая.
250 _aчетвертое переработанное и дополненное.
260 _aМ.
260 _bХимия.
260 _c1963.
300 _a533 стр. 22см.
653 _aМоторные и редактивные масла и жидкости.
942 _cBK
999 _c46729
_d46729